000 00591nam a22002057a 4500
003 LK-CoDNM
005 20250108111331.0
008 250108b |||||||| |||| 00| 0 eng d
040 _aLK-CoDNM
_dLK-CoDNM
_eLK-CoDNM
041 _aeng
080 _a4
_bP4
100 _aDresser, H.E, F.L.S., F.Z.S
245 _aA History Of The Birds Of Europe
_b Including All The Species Inhabiting The Western Palearctic Region.
260 _aLondon
_bBy the Author
_c1871- 1881
300 _aviii, ill ; 31 cm
490 _vVolume iv
650 _aScience
650 _aBirds
942 _cBK
999 _c235437
_d235437